000 00301nam a2200133Ia 4500
005 20251222144637.0
008 251222s9999||||xx |||||||||||||| ||spa||
020 _a968-58-0553-9
082 _a808.2/B24
100 _aBarba, Eugenio
245 0 _aLas Islas Flotantes
264 _bUNAM
942 _cLIB
999 _c16542
_d16542